[Event "Mallorca-chT Preferente"]
[Site "Palma de Mallorca"]
[Date "2020.03.07"]
[Round "6.3"]
[White "Redondo Pomar, Antonio"]
[Black "Mestre Mestre, Francisco J"]
[Result "1-0"]
[WhiteElo "1897"]
[BlackElo "1927"]
[PlyCount "53"]
[EventDate "2020.02.01"]
[EventType "team-tourn"]
[EventRounds "9"]
[EventCountry "ESP"]
[SourceTitle "CBM 195 Extra"]
[Source "ChessBase"]
[SourceDate "2020.05.31"]
[SourceVersion "1"]
[SourceVersionDate "2020.05.31"]
[SourceQuality "1"]
[WhiteTeam "Vuit Peons"]
[BlackTeam "Maria Salut"]
[WhiteTeamCountry "ESP"]
[BlackTeamCountry "ESP"]

1. d4 Nf6 2. c4 g6 3. Nc3 d5 4. e3 Bg7 5. Nf3 0-0 6. Qb3 c6 7. Bd2 Qc7 8. cxd5 Nxd5 9. Nxd5 cxd5 10. Qxd5 Be6 11. Qe4 Bf5 12. Qd5 Be6 13. Qa5 b6 14. Qc3 Qb7 15. Qc2 Bd5 16. Bd3 Rc8 17. Bc3 f5 18. Qe2 a5 19. 0-0 Nd7 20. Ne1 e5 21. dxe5 Nxe5 22. Bb5 Rc5 23. Bxe5 Bxe5 24. a4 Qc7 25. Rd1 Bxh2+ 26. Kh1 Bd6 27. Rxd5 1-0

[Event "Mallorca-chT Preferente"]
[Site "Palma de Mallorca"]
[Date "2020.02.15"]
[Round "3.3"]
[White "Mestre Mestre, Francisco J"]
[Black "Cisneros Serra, Javier"]
[Result "0-1"]
[WhiteElo "1927"]
[BlackElo "1900"]
[PlyCount "90"]
[EventDate "2020.02.01"]
[EventType "team-tourn"]
[EventRounds "9"]
[EventCountry "ESP"]
[SourceTitle "CBM 195 Extra"]
[Source "ChessBase"]
[SourceDate "2020.05.31"]
[SourceVersion "1"]
[SourceVersionDate "2020.05.31"]
[SourceQuality "1"]
[WhiteTeam "Maria Salut"]
[BlackTeam "Alcudia"]
[WhiteTeamCountry "ESP"]
[BlackTeamCountry "ESP"]

1. d4 Nf6 2. Nf3 e6 3. c4 c5 4. g3 cxd4 5. Bg2 Nc6 6. Nxd4 Qb6 7. Nxc6 bxc6 8. 0-0 Be7 9. Nc3 0-0 10. Na4 Qb4 11. Qc2 Ba6 12. b3 d5 13. a3 Qd6 14. Rd1 Rfd8 15. Be3 e5 16. Nc5 Bc8 17. b4 d4 18. Bg5 Qc7 19. Bxf6 Bxf6 20. Qa4 Bg4 21. Qxc6 Qxc6 22. Bxc6 Rac8 23. Bb7 Rc7 24. f3 Bf5 25. Bd5 Bg5 26. h4 Be3+ 27. Kg2 Bc2 28. Rh1 Rd6 29. Ra2 Bf5 30. g4 Bc8 31. Nd3 Re7 32. Be4 f6 33. c5 Ra6 34. c6 g6 35. a4 Be6 36. Ra3 f5 37. Nc5 fxe4 38. Nxa6 exf3+ 39. exf3 Bd5 40. b5 Rf7 41. Rh3 e4 42. Rxe3 dxe3 43. f4 e2 44. Kf2 Bc4 45. Ke1 Rxf4 0-1

[Event "Mallorca-chT Preferente"]
[Site "Palma de Mallorca"]
[Date "2012.03.17"]
[Round "7.1"]
[White "Mestre Mestre, Francisco J"]
[Black "Navarrete Terrasa, Sebastian"]
[Result "0-1"]
[WhiteElo "1872"]
[BlackElo "2007"]
[PlyCount "58"]
[EventDate "2012.01.28"]
[EventType "team"]
[EventRounds "9"]
[EventCountry "ESP"]
[SourceTitle "EXT 2014"]
[Source "ChessBase"]
[SourceDate "2013.11.20"]
[SourceVersion "1"]
[SourceVersionDate "2013.11.20"]
[SourceQuality "1"]
[WhiteTeam "Maria Salut"]
[BlackTeam "Mate en Dos"]
[WhiteTeamCountry "ESP"]
[BlackTeamCountry "ESP"]

1. d4 Nf6 2. Nf3 g6 3. c4 Bg7 4. Nc3 d5 5. e3 0-0 6. Be2 c5 7. dxc5 dxc4 8. Qxd8 Rxd8 9. Bxc4 Nbd7 10. Bxf7+ Kxf7 11. Ng5+ Kg8 12. Ne6 Rf8 13. Nxf8 Kxf8 14. c6 bxc6 15. 0-0 Ba6 16. Rd1 Nc5 17. Bd2 Rb8 18. b3 Nd5 19. Rac1 Nd3 20. Nxd5 Nxc1 21. Nc7 Ne2+ 22. Kh1 Bc8 23. Ba5 Bf5 24. e4 Bc3 25. b4 Bxe4 26. Ne6+ Kg8 27. a3 Bd5 28. Nc5 Rf8 29. f3 Rxf3 0-1

[Event "Mallorca-chT Preferente"]
[Site "Palma de Mallorca"]
[Date "2012.01.28"]
[Round "1.1"]
[White "Mestre Mestre, Francisco J"]
[Black "Massanet Massanet, Sebastian"]
[Result "0-1"]
[WhiteElo "1872"]
[BlackElo "2213"]
[PlyCount "54"]
[EventDate "2012.01.28"]
[EventType "team"]
[EventRounds "9"]
[EventCountry "ESP"]
[SourceTitle "EXT 2014"]
[Source "ChessBase"]
[SourceDate "2013.11.20"]
[SourceVersion "1"]
[SourceVersionDate "2013.11.20"]
[SourceQuality "1"]
[WhiteTeam "Maria Salut"]
[BlackTeam "Dimonis Algaida"]
[WhiteTeamCountry "ESP"]
[BlackTeamCountry "ESP"]

1. d4 Nf6 2. Nf3 d5 3. c4 e6 4. e3 c6 5. Be2 Nbd7 6. Nc3 Bd6 7. 0-0 0-0 8. a3 Qe7 9. b4 dxc4 10. Bxc4 b5 11. Be2 a5 12. bxa5 Rxa5 13. Qb3 Bb7 14. e4 e5 15. d5 cxd5 16. Bxb5 Nc5 17. Qb1 d4 18. Nd5 Nxd5 19. exd5 Bxd5 20. Bd2 Ra7 21. Qf5 Nb3 22. Rad1 Rxa3 23. Ng5 g6 24. Qh3 f5 25. Qh6 Qg7 26. Qh4 h6 27. Nf3 g5 0-1